[Event "BCF-chT2 1011 (4NCL)"]
[Site "England"]
[Date "2011.05.01"]
[Round "10.12"]
[White "Granat, Russell"]
[Black "Taylor, Peter P"]
[Result "0-1"]
[WhiteElo "2243"]
[BlackElo "2226"]
[PlyCount "63"]
[EventDate "2010.11.06"]
[EventType "team-swiss"]
[EventRounds "11"]
[EventCountry "ENG"]
[SourceTitle "EXT 2012"]
[Source "ChessBase"]
[SourceDate "2011.11.24"]
[SourceVersion "1"]
[SourceVersionDate "2011.11.24"]
[SourceQuality "1"]
[WhiteTeam "Guildford A&DC II"]
[BlackTeam "Barbican Youth"]
[WhiteTeamCountry "ENG"]
[BlackTeamCountry "ENG"]

1. e4 c6 2. d4 d5 3. exd5 cxd5 4. c4 Nf6 5. Nc3 e6 6. c5 Be7 7. Bd3 0-0 8. Nf3 b6 9. b4 a5 10. Na4 Nbd7 11. Bf4 axb4 12. c6 Nh5 13. Bg3 Ndf6 14. c7 Qe8 15. Nxb6 Nxg3 16. hxg3 Ra7 17. Ne5 h6 18. g4 Ne4 19. f3 Nc3 20. Qd2 Rxc7 21. Rxh6 gxh6 22. Qxh6 f5 23. Nxc8 Rxc8 24. Qxe6+ Kg7 25. Bxf5 Bh4+ 26. Kf1 Qxe6 27. Bxe6 Ra8 28. Rc1 Rxa2 29. Nd3 Re8 30. Nxb4 Rf2+ 31. Kg1 Ne2+ 32. Kh2 0-1

[Event "BCF-chT2 1011 (4NCL)"]
[Site "England"]
[Date "2011.01.15"]
[Round "3.23"]
[White "Taylor, Peter P"]
[Black "Kett, Timothy"]
[Result "0-1"]
[WhiteElo "2226"]
[BlackElo "2202"]
[PlyCount "72"]
[EventDate "2010.11.06"]
[EventType "team-swiss"]
[EventRounds "11"]
[EventCountry "ENG"]
[SourceTitle "EXT 2012"]
[Source "ChessBase"]
[SourceDate "2011.11.24"]
[SourceVersion "1"]
[SourceVersionDate "2011.11.24"]
[SourceQuality "1"]
[WhiteTeam "Barbican Youth"]
[BlackTeam "Rhyfelwyr Essyllwg"]
[WhiteTeamCountry "ENG"]
[BlackTeamCountry "ENG"]

1. c4 e5 2. g3 Nf6 3. Bg2 d6 4. Nc3 g6 5. Nf3 Bg7 6. d4 Nbd7 7. 0-0 0-0 8. e4 exd4 9. Nxd4 Re8 10. h3 a6 11. Be3 Rb8 12. Rb1 Ne5 13. b3 Bd7 14. Kh2 b5 15. cxb5 axb5 16. Nd5 c5 17. Ne2 Nxd5 18. Qxd5 Bc6 19. Qd2 c4 20. Rbd1 Nd3 21. Nf4 Nxf4 22. Bxf4 Bxe4 23. Bxe4 Rxe4 24. Qxd6 Qxd6 25. Rxd6 Rc8 26. Rb6 c3 27. Rxb5 Rxf4 28. gxf4 c2 29. a4 c1Q 30. Rxc1 Rxc1 31. Rb8+ Bf8 32. a5 Ra1 33. b4 Ra4 34. Kg3 Rxb4 35. Rxb4 Bxb4 36. a6 Bc5 0-1

[Event "London Classic op"]
[Site "London"]
[Date "2009.12.14"]
[Round "8"]
[White "Ansell, Simon"]
[Black "Taylor, Peter P"]
[Result "1-0"]
[WhiteElo "2387"]
[BlackElo "2221"]
[PlyCount "71"]
[EventDate "2009.12.08"]
[EventType "swiss"]
[EventRounds "9"]
[EventCountry "ENG"]
[SourceTitle "CBM 133 Extra"]
[Source "ChessBase"]
[SourceDate "2010.01.05"]
[SourceVersion "1"]
[SourceVersionDate "2010.01.05"]
[SourceQuality "1"]

1. d4 Nf6 2. Nf3 d5 3. c4 c6 4. e3 Bg4 5. Nc3 e6 6. h3 Bh5 7. g4 Bg6 8. Ne5 Nbd7 9. Nxg6 hxg6 10. Bd2 Bd6 11. g5 Ne4 12. Nxe4 dxe4 13. h4 f5 14. c5 Be7 15. Qb3 Qc7 16. Qxe6 Nf8 17. Qb3 Bxg5 18. 0-0-0 Rxh4 19. Rg1 Bf6 20. d5 0-0-0 21. d6 Qd7 22. Ba5 Kb8 23. Bc7+ Ka8 24. Bxd8 Qxd8 25. d7 Rh8 26. Qf7 Kb8 27. Bc4 Kc7 28. Bb3 Rh2 29. Rd2 Rh8 30. Rgd1 Kb8 31. Qc4 Be5 32. Qa4 Bf6 33. Bc4 Be7 34. b4 Rh4 35. b5 cxb5 36. Qxb5 1-0

[Event "London Classic op"]
[Site "London"]
[Date "2009.12.11"]
[Round "4"]
[White "Taylor, Peter P"]
[Black "Milnes, Anthony CP"]
[Result "1-0"]
[WhiteElo "2221"]
[BlackElo "2064"]
[PlyCount "97"]
[EventDate "2009.12.08"]
[EventType "swiss"]
[EventRounds "9"]
[EventCountry "ENG"]
[SourceTitle "CBM 133 Extra"]
[Source "ChessBase"]
[SourceDate "2010.01.05"]
[SourceVersion "1"]
[SourceVersionDate "2010.01.05"]
[SourceQuality "1"]

1. Nf3 e6 2. c4 f5 3. g3 Nf6 4. Bg2 Be7 5. 0-0 0-0 6. d4 d6 7. Nc3 Ne4 8. Nxe4 fxe4 9. Nd2 d5 10. f3 exf3 11. Bxf3 Bf6 12. e3 c6 13. Qb3 Qb6 14. Bg2 Na6 15. Nf3 Bd7 16. Bd2 Be8 17. c5 Qxb3 18. axb3 Bg6 19. Bh3 Rfe8 20. Bc3 Nc7 21. Rfe1 Nb5 22. Bf1 a6 23. Rec1 Nxc3 24. bxc3 e5 25. Re1 e4 26. Nd2 Bf5 27. c4 Rf8 28. b4 Bd7 29. Be2 Rae8 30. Bd1 Bg5 31. Bb3 Be6 32. cxd5 cxd5 33. b5 axb5 34. Ra5 Re7 35. Rxb5 Rd8 36. Rb6 Bf7 37. h4 Bh6 38. g4 g6 39. g5 Bf8 40. Ra1 Rc7 41. Kf2 Kg7 42. Ra7 Rdd7 43. Ba4 Re7 44. Nb1 Be6 45. Nc3 Bg8 46. Ke2 h6 47. Nb5 hxg5 48. Nxc7 gxh4 49. Ne8+ 1-0

[Event "London Classic op"]
[Site "London"]
[Date "2009.12.11"]
[Round "5"]
[White "Taylor, Peter P"]
[Black "Summerscale, Aaron"]
[Result "0-1"]
[WhiteElo "2221"]
[BlackElo "2449"]
[PlyCount "92"]
[EventDate "2009.12.08"]
[EventType "swiss"]
[EventRounds "9"]
[EventCountry "ENG"]
[SourceTitle "CBM 133 Extra"]
[Source "ChessBase"]
[SourceDate "2010.01.05"]
[SourceVersion "1"]
[SourceVersionDate "2010.01.05"]
[SourceQuality "1"]

1. Nf3 e6 2. c4 f5 3. g3 Nf6 4. Bg2 Be7 5. 0-0 0-0 6. d4 c6 7. b3 a5 8. Nc3 d5 9. Qc2 Ne4 10. e3 b6 11. Bb2 Bb7 12. Ne2 Bd6 13. Nf4 Qe7 14. Ne5 Nd7 15. a4 Nxe5 16. dxe5 Bc7 17. Rfd1 Rad8 18. Rac1 c5 19. Ne2 Ba6 20. h4 dxc4 21. bxc4 Rxd1+ 22. Rxd1 Rd8 23. Rxd8+ Qxd8 24. Bxe4 fxe4 25. Nf4 Qd7 26. Qxe4 Bd8 27. Bc3 Bb7 28. Qd3 Bc6 29. Qd6 Kf7 30. Nd3 Bxa4 31. f4 Bc7 32. Qxd7+ Bxd7 33. Kf2 Ba4 34. f5 Bb3 35. fxe6+ Ke7 36. Nf4 Bxc4 37. e4 Bd8 38. Nd5+ Kxe6 39. Nf4+ Ke7 40. Nh5 g6 41. Nf6 h5 42. Nd5+ Ke6 43. Nf4+ Kf7 44. Ke3 b5 45. Kd2 b4 46. Ba1 a4 0-1

[Event "BCF-chT 0708 (4NCL)"]
[Site "Sunningdale"]
[Date "2008.03.02"]
[Round "8.5"]
[White "Snape, Ian L"]
[Black "Taylor, Peter P"]
[Result "1-0"]
[WhiteElo "2261"]
[BlackElo "2224"]
[PlyCount "71"]
[EventDate "2007.09.15"]
[EventType "team-tourn"]
[EventRounds "11"]
[EventCountry "ENG"]
[SourceTitle "EXT 2008"]
[Source "ChessBase"]
[SourceDate "2007.11.25"]
[SourceVersion "1"]
[SourceVersionDate "2007.11.25"]
[SourceQuality "1"]
[WhiteTeam "The ADS"]
[BlackTeam "Barbican II"]
[WhiteTeamCountry "ENG"]
[BlackTeamCountry "ENG"]

1. e4 c6 2. d4 d5 3. f3 g6 4. Nc3 Bg7 5. Be3 Qb6 6. Qd2 Qxb2 7. Rb1 Qa3 8. Bd3 Na6 9. Rb3 Qa5 10. Nge2 Nb4 11. 0-0 Nxd3 12. Qxd3 dxe4 13. fxe4 Nf6 14. Qd2 0-0 15. Bh6 Bxh6 16. Qxh6 Qh5 17. Qf4 b6 18. Ng3 Qg4 19. Qe3 Qd7 20. h3 Ba6 21. Rf4 Rad8 22. e5 Nd5 23. Nxd5 cxd5 24. Rh4 e6 25. Qg5 f6 26. exf6 Qf7 27. Rf4 Rc8 28. Ra3 Bb5 29. c3 Bc4 30. h4 Kh8 31. Nh1 h5 32. Qh6+ Kg8 33. Rxa7 Qxa7 34. Qxg6+ Kh8 35. f7 Bd3 36. Qh6+ 1-0

[Event "BCF-chT 0708 (4NCL)"]
[Site "Sunningdale"]
[Date "2008.01.12"]
[Round "5.6"]
[White "Muir, Andrew Joseph"]
[Black "Taylor, Peter P"]
[Result "1-0"]
[WhiteElo "2358"]
[BlackElo "2224"]
[PlyCount "59"]
[EventDate "2007.09.15"]
[EventType "team-tourn"]
[EventRounds "11"]
[EventCountry "ENG"]
[SourceTitle "EXT 2008"]
[Source "ChessBase"]
[SourceDate "2007.11.25"]
[SourceVersion "1"]
[SourceVersionDate "2007.11.25"]
[SourceQuality "1"]
[WhiteTeam "Guildford II"]
[BlackTeam "Barbican II"]
[WhiteTeamCountry "ENG"]
[BlackTeamCountry "ENG"]

1. d4 Nf6 2. c4 e6 3. Nc3 Bb4 4. e3 0-0 5. Bd3 d5 6. Nf3 c5 7. 0-0 dxc4 8. Bxc4 cxd4 9. exd4 Nbd7 10. Bg5 h6 11. Bh4 Qa5 12. Rc1 Bxc3 13. Rxc3 b5 14. Bb3 b4 15. Re3 Bb7 16. Ne5 Bd5 17. Ba4 Qc7 18. Nxd7 Nxd7 19. Qd2 a5 20. Rc1 Qb7 21. Rg3 Kh7 22. Bxd7 Qxd7 23. Bf6 Rg8 24. Qd3+ Kh8 25. Qe3 Kh7 26. Qd3+ Kh8 27. Qe3 Kh7 28. Rh3 g5 29. Qd3+ Rg6 30. Rxh6+ 1-0

[Event "Monarch Assurance 16th"]
[Site "Port Erin"]
[Date "2007.09.30"]
[Round "9"]
[White "Taylor, Peter P"]
[Black "Kolbus, Dietmar"]
[Result "1/2-1/2"]
[WhiteElo "2209"]
[BlackElo "2384"]
[PlyCount "72"]
[EventDate "2007.09.22"]
[EventType "swiss"]
[EventRounds "9"]
[EventCountry "IOM"]
[SourceTitle "CBM 120 Extra"]
[Source "ChessBase"]
[SourceDate "2007.11.01"]
[SourceVersion "1"]
[SourceVersionDate "2007.11.01"]
[SourceQuality "1"]

1. Nf3 Nf6 2. c4 e6 3. Nc3 d5 4. d4 c6 5. Bg5 Nbd7 6. cxd5 exd5 7. e3 Be7 8. Qc2 Nf8 9. Bd3 Be6 10. 0-0 N8d7 11. Rab1 a5 12. a3 h6 13. Bh4 0-0 14. b4 axb4 15. axb4 b5 16. Ne2 Ra6 17. Ra1 Qa8 18. Rxa6 Qxa6 19. Ne5 Nb8 20. Nf4 Qc8 21. Rc1 Bd7 22. Nh5 Qd8 23. Nxf6+ Bxf6 24. Nxd7 Qxd7 25. Bxf6 gxf6 26. Ra1 Qe7 27. Qc5 Qe6 28. Bb1 Kg7 29. Qc2 Rh8 30. Ra8 Qd6 31. Qf5 h5 32. Qf3 Qxb4 33. Qg3+ Kh6 34. Qf4+ Kg7 35. Qg3+ Kh6 36. Qf4+ Kg7 1/2-1/2

[Event "Monarch Assurance 16th"]
[Site "Port Erin"]
[Date "2007.09.23"]
[Round "2"]
[White "Drozdovskij, Yuri"]
[Black "Taylor, Peter P"]
[Result "1-0"]
[WhiteElo "2567"]
[BlackElo "2209"]
[PlyCount "57"]
[EventDate "2007.09.22"]
[EventType "swiss"]
[EventRounds "9"]
[EventCountry "IOM"]
[SourceTitle "CBM 120 Extra"]
[Source "ChessBase"]
[SourceDate "2007.11.01"]
[SourceVersion "1"]
[SourceVersionDate "2007.11.01"]
[SourceQuality "1"]

1. d4 Nf6 2. c4 e6 3. Nf3 d5 4. Nc3 Be7 5. Bf4 0-0 6. e3 Nbd7 7. c5 c6 8. h3 b6 9. b4 a5 10. a3 Ba6 11. Bxa6 Rxa6 12. b5 cxb5 13. c6 Qc8 14. c7 b4 15. Nb5 bxa3 16. 0-0 Ra8 17. Qc2 Qa6 18. Qc6 Rac8 19. Ne5 Nxe5 20. Bxe5 Ne4 21. Ra2 Bb4 22. Rc1 Nd2 23. Bd6 Bxd6 24. Nxd6 Nc4 25. Nxc8 Rxc8 26. e4 Qa8 27. Qd7 b5 28. exd5 exd5 29. Re1 1-0

[Event "Canadian op"]
[Site "Ottawa"]
[Date "2007.07.14"]
[Round "9"]
[White "Reprintsev, Alexander"]
[Black "Taylor, Peter P"]
[Result "1-0"]
[WhiteElo "2410"]
[BlackElo "2209"]
[PlyCount "53"]
[EventDate "2007.07.07"]
[EventType "swiss"]
[EventRounds "10"]
[EventCountry "CAN"]
[SourceTitle "CBM 119 Extra"]
[Source "ChessBase"]
[SourceDate "2007.09.04"]
[SourceVersion "1"]
[SourceVersionDate "2007.09.04"]
[SourceQuality "1"]

1. e4 c6 2. b3 d5 3. Bb2 dxe4 4. Nc3 Nf6 5. Nge2 Bf5 6. Ng3 e6 7. Qe2 Bb4 8. 0-0-0 Qa5 9. Kb1 Nbd7 10. Ncxe4 Bxe4 11. Nxe4 0-0-0 12. f3 Kb8 13. Qf2 Ka8 14. g3 Ba3 15. Ba1 Be7 16. Bg2 Nxe4 17. fxe4 Bf6 18. d4 e5 19. d5 c5 20. h4 Nb6 21. g4 h6 22. Qg3 Nc8 23. g5 hxg5 24. hxg5 Rxh1 25. Bxh1 Be7 26. Bxe5 Bd6 27. Qc3 1-0

[Event "BCF-chT2 0607 (4NCL)"]
[Site "Sunningdale"]
[Date "2007.05.06"]
[Round "10.7"]
[White "Fallowfield, Nicholas"]
[Black "Taylor, Peter P"]
[Result "0-1"]
[WhiteElo "1980"]
[BlackElo "2224"]
[PlyCount "74"]
[EventDate "2006.09.16"]
[EventType "team-tourn"]
[EventRounds "11"]
[EventCountry "ENG"]
[SourceTitle "EXT 2008"]
[Source "ChessBase"]
[SourceDate "2007.11.25"]
[SourceVersion "1"]
[SourceVersionDate "2007.11.25"]
[SourceQuality "1"]
[WhiteTeam "Warwicks Select"]
[BlackTeam "Barbican II"]
[WhiteTeamCountry "ENG"]
[BlackTeamCountry "ENG"]

1. Nf3 Nf6 2. c4 e6 3. g3 d5 4. Bg2 Be7 5. 0-0 0-0 6. b3 c5 7. Bb2 Nc6 8. e3 b6 9. Nc3 Bb7 10. cxd5 exd5 11. d4 Qd7 12. Ne5 Qe6 13. f4 cxd4 14. exd4 Nxd4 15. Nxd5 Bxd5 16. Bxd4 Bxg2 17. Kxg2 Rad8 18. Nf3 Bc5 19. Re1 Qc6 20. Rc1 Rxd4 21. Qxd4 Qxf3+ 22. Kxf3 Bxd4 23. Re7 a5 24. Rd1 Bc5 25. Rb7 h5 26. h3 Re8 27. Rd3 Re1 28. a3 Rf1+ 29. Ke2 Rf2+ 30. Kd1 Bxa3 31. Rxb6 Rh2 32. g4 hxg4 33. hxg4 Nxg4 34. Rg3 Nf2+ 35. Ke1 Bb4+ 36. Kf1 Ne4 37. Rb8+ Kh7 0-1

[Event "BCF-chT2 0607 (4NCL)"]
[Site "Sunningdale"]
[Date "2007.01.13"]
[Round "5.7"]
[White "Taylor, Peter P"]
[Black "Tunks, Dominic"]
[Result "1-0"]
[WhiteElo "2217"]
[BlackElo "2115"]
[PlyCount "53"]
[EventDate "2006.09.16"]
[EventType "team-tourn"]
[EventRounds "11"]
[EventCountry "ENG"]
[SourceTitle "EXT 2008"]
[Source "ChessBase"]
[SourceDate "2007.11.25"]
[SourceVersion "1"]
[SourceVersionDate "2007.11.25"]
[SourceQuality "1"]
[WhiteTeam "Barbican II"]
[BlackTeam "Wessex"]
[WhiteTeamCountry "ENG"]
[BlackTeamCountry "ENG"]

1. c4 Nf6 2. Nf3 c6 3. Nc3 d5 4. d4 e6 5. Bg5 Nbd7 6. cxd5 cxd5 7. e3 Qa5 8. Bd3 Ne4 9. 0-0 f5 10. Qc2 a6 11. Ne2 Ndf6 12. Bf4 Bd7 13. Rfc1 Ng4 14. Bxe4 fxe4 15. Ne5 Nxe5 16. Bxe5 Bc6 17. Nf4 Kd7 18. Qe2 Re8 19. Qh5 h6 20. a3 Qd8 21. h4 Re7 22. Qg4 h5 23. Qg3 Rf7 24. Ng6 Be7 25. Nxh8 Qxh8 26. Qg6 Qf8 27. Qxh5 1-0

[Event "BCF-chT2 0607 (4NCL)"]
[Site "Sunningdale"]
[Date "2006.11.12"]
[Round "4.7"]
[White "Crombleholme, Alan K"]
[Black "Taylor, Peter P"]
[Result "1/2-1/2"]
[WhiteElo "2110"]
[BlackElo "2211"]
[PlyCount "82"]
[EventDate "2006.09.16"]
[EventType "team-tourn"]
[EventRounds "11"]
[EventCountry "ENG"]
[SourceTitle "EXT 2008"]
[Source "ChessBase"]
[SourceDate "2007.11.25"]
[SourceVersion "1"]
[SourceVersionDate "2007.11.25"]
[SourceQuality "1"]
[WhiteTeam "Hilsmark Kingfisher II"]
[BlackTeam "Barbican II"]
[WhiteTeamCountry "ENG"]
[BlackTeamCountry "ENG"]

1. d4 Nf6 2. Nf3 e6 3. c4 c5 4. d5 d6 5. Nc3 exd5 6. cxd5 g6 7. e4 a6 8. a4 Bg4 9. Be2 Bxf3 10. Bxf3 Bg7 11. 0-0 Nbd7 12. Bf4 Qe7 13. Re1 0-0 14. a5 h5 15. h3 Nh7 16. Qd2 Rfe8 17. Bd1 Rab8 18. Ba4 Red8 19. Bxd7 Rxd7 20. Na4 Re8 21. Nb6 Rdd8 22. Rac1 Bd4 23. Nc4 Qf6 24. Kf1 g5 25. Bg3 Qg6 26. f3 g4 27. hxg4 hxg4 28. Qf4 Nf6 29. Bf2 Be5 30. Nxe5 Rxe5 31. Bh4 Kg7 32. Rxc5 gxf3 33. gxf3 Nh5 34. Qg4 Qxg4 35. fxg4 Rde8 36. Rc7 Rxe4 37. Rxe4 Rxe4 38. gxh5 Rxh4 39. Rxb7 Rxh5 40. Rb6 Rxd5 41. Rxa6 Rb5 1/2-1/2

[Event "BCF-chT2 0607 (4NCL)"]
[Site "Sunningdale"]
[Date "2006.11.11"]
[Round "3.7"]
[White "Taylor, Peter P"]
[Black "Eckersley Waites, Tom"]
[Result "1-0"]
[WhiteElo "2211"]
[BlackElo "2141"]
[PlyCount "73"]
[EventDate "2006.09.16"]
[EventType "team-tourn"]
[EventRounds "11"]
[EventCountry "ENG"]
[SourceTitle "CBM 115 Extra"]
[Source "ChessBase"]
[SourceDate "2007.01.10"]
[SourceVersion "1"]
[SourceVersionDate "2007.01.10"]
[SourceQuality "1"]
[WhiteTeam "Barbican II"]
[BlackTeam "Oxford"]
[WhiteTeamCountry "ENG"]
[BlackTeamCountry "ENG"]

1. c4 b6 2. Nc3 Bb7 3. e4 e6 4. Nge2 c5 5. g3 Nc6 6. Bg2 Nf6 7. d3 d6 8. 0-0 Be7 9. h3 0-0 10. Be3 Qd7 11. g4 h6 12. Ng3 Nh7 13. Qd2 Bf6 14. Nh5 Bd4 15. Ne2 Rac8 16. Rac1 Bxe3 17. Qxe3 d5 18. exd5 exd5 19. Bxd5 Rfe8 20. Be4 Nb4 21. Neg3 Ng5 22. Nf5 Bxe4 23. dxe4 Qc6 24. f3 Rcd8 25. Rcd1 Rxd1 26. Rxd1 Qa4 27. Rd2 Nc2 28. Qc3 Nd4 29. Nxd4 cxd4 30. Rxd4 f6 31. Kg2 Ne6 32. Rd5 Qxa2 33. e5 Nc5 34. exf6 Re2+ 35. Kf1 Rxb2 36. f7+ Kxf7 37. Qxg7+ 1-0

[Event "BCF-chT 0506 (4NCL)"]
[Site "Birmingham"]
[Date "2006.03.05"]
[Round "8.4"]
[White "Ansell, Simon"]
[Black "Taylor, Peter P"]
[Result "1/2-1/2"]
[WhiteElo "2383"]
[BlackElo "2240"]
[PlyCount "106"]
[EventDate "2005.10.22"]
[EventType "team-tourn"]
[EventRounds "11"]
[EventCountry "ENG"]
[SourceTitle "EXT 2007"]
[Source "ChessBase"]
[SourceDate "2006.11.23"]
[SourceVersion "1"]
[SourceVersionDate "2006.11.23"]
[SourceQuality "1"]
[WhiteTeam "BET"]
[BlackTeam "Barbican II"]
[WhiteTeamCountry "ENG"]
[BlackTeamCountry "ENG"]

1. e4 c6 2. d4 d5 3. e5 c5 4. dxc5 e6 5. Be3 Ne7 6. c3 Nf5 7. Bd4 Nxd4 8. cxd4 b6 9. Bb5+ Bd7 10. Bxd7+ Nxd7 11. cxb6 Qxb6 12. Qd2 Rb8 13. b3 Bb4 14. Nc3 Nxe5 15. Nge2 Nc6 16. 0-0 0-0 17. Rfd1 Rfc8 18. Qe3 Ne7 19. Qd3 Rc6 20. Na4 Qc7 21. g3 Ba3 22. Rab1 Nf5 23. Nec3 Nd6 24. Kg2 g6 25. Re1 Bb4 26. Re3 Bxc3 27. Nxc3 Rc8 28. Na4 Ne4 29. Rb2 Rc2 30. Re2 Rxb2 31. Rxb2 Qc1 32. f3 Nd6 33. Qd2 Nf5 34. Qxc1 Rxc1 35. Rd2 Rc2 36. Rxc2 Ne3+ 37. Kf2 Nxc2 38. g4 f6 39. Nc5 Kf7 40. h4 Nxd4 41. g5 Nf5 42. Nd7 Nxh4 43. Nxf6 h6 44. Nd7 hxg5 45. Ne5+ Ke7 46. Nc6+ Kd6 47. Nxa7 Kc5 48. a4 Nf5 49. Nb5 e5 50. Nc7 Nd4 51. b4+ Kxb4 52. Nxd5+ Kxa4 53. Ne7 Kb4 1/2-1/2

[Event "BCF-chT 0506 (4NCL)"]
[Site "Birmingham"]
[Date "2006.03.04"]
[Round "7.6"]
[White "Taylor, Peter P"]
[Black "Emms, John M"]
[Result "1/2-1/2"]
[WhiteElo "2240"]
[BlackElo "2502"]
[PlyCount "105"]
[EventDate "2005.10.22"]
[EventType "team-tourn"]
[EventRounds "11"]
[EventCountry "ENG"]
[SourceTitle "EXT 2007"]
[Source "ChessBase"]
[SourceDate "2006.11.23"]
[SourceVersion "1"]
[SourceVersionDate "2006.11.23"]
[SourceQuality "1"]
[WhiteTeam "Barbican II"]
[BlackTeam "Wood Green"]
[WhiteTeamCountry "ENG"]
[BlackTeamCountry "ENG"]

1. Nf3 c5 2. c4 Nc6 3. d4 cxd4 4. Nxd4 Nf6 5. g3 g6 6. Bg2 Nxd4 7. Qxd4 Bg7 8. Nc3 0-0 9. 0-0 d6 10. Qd3 a6 11. Bg5 h6 12. Bxf6 Bxf6 13. Rfd1 Qb6 14. Qd2 Kg7 15. Nd5 Qxb2 16. Qxb2 Bxb2 17. Rab1 Bf6 18. Nb6 Rb8 19. Nxc8 Rfxc8 20. Bxb7 Rxc4 21. Bxa6 Rxb1 22. Rxb1 Ra4 23. Bb7 Rxa2 24. e3 e6 25. Bc6 Bb2 26. Rd1 d5 27. Rd2 Ra1+ 28. Kg2 Bc3 29. Rc2 Ra3 30. Rc1 Kf6 31. h4 g5 32. hxg5+ hxg5 33. g4 Ba5 34. Rc2 Bc3 35. Rc1 Ke7 36. Rb1 Ra2 37. Rb7+ Kd6 38. Be8 f6 39. Rd7+ Ke5 40. Re7 Be1 41. Bf7 Rxf2+ 42. Kg1 Ke4 43. Rxe6+ Kd3 44. Ra6 Rb2 45. Rxf6 Bd2 46. Bxd5 Bxe3+ 47. Kh1 Rb1+ 48. Kh2 Rb2+ 49. Kh1 Bf4 50. Ra6 Kd4 51. Be6 Ke3 52. Ra3+ Kf2 53. Ra2 1/2-1/2

[Event "BCF-chT 0506 (4NCL)"]
[Site "Birmingham"]
[Date "2006.01.15"]
[Round "6.6"]
[White "Longson, Alexander"]
[Black "Taylor, Peter P"]
[Result "1/2-1/2"]
[WhiteElo "2264"]
[BlackElo "2240"]
[PlyCount "33"]
[EventDate "2005.10.22"]
[EventType "team-tourn"]
[EventRounds "11"]
[EventCountry "ENG"]
[SourceTitle "EXT 2007"]
[Source "ChessBase"]
[SourceDate "2006.11.23"]
[SourceVersion "1"]
[SourceVersionDate "2006.11.23"]
[SourceQuality "1"]
[WhiteTeam "Numerica 3CS"]
[BlackTeam "Barbican II"]
[WhiteTeamCountry "ENG"]
[BlackTeamCountry "ENG"]

1. e4 c6 2. d4 d5 3. exd5 cxd5 4. Bd3 Nc6 5. c3 Nf6 6. Bf4 Bg4 7. Qb3 Qc8 8. Nd2 e6 9. Ngf3 Be7 10. 0-0 Bh5 11. Rfe1 0-0 12. Ne5 Nxe5 13. Bxe5 Bg6 14. Bxg6 hxg6 15. Bxf6 Bxf6 16. Nf3 Qc6 17. Ne5 1/2-1/2

[Event "EU-Cup 21st"]
[Site "Saint Vincent"]
[Date "2005.09.23"]
[Round "6.6"]
[White "Gunnarsson, Jon Viktor"]
[Black "Taylor, Peter P"]
[Result "1-0"]
[WhiteElo "2388"]
[BlackElo "2241"]
[PlyCount "63"]
[EventDate "2005.09.18"]
[EventType "team-swiss"]
[EventRounds "7"]
[EventCountry "ITA"]
[SourceTitle "CBM 110"]
[Source "ChessBase"]
[SourceDate "2006.01.31"]
[SourceVersion "1"]
[SourceVersionDate "2006.01.31"]
[SourceQuality "1"]
[WhiteTeam "Reykjavik CC"]
[BlackTeam "Barbican"]
[WhiteTeamCountry "ISL"]
[BlackTeamCountry "ENG"]

1. e4 c6 2. d3 d5 3. Nd2 e5 4. Ngf3 Bd6 5. d4 exd4 6. exd5 cxd5 7. Nxd4 Nc6 8. N2f3 Nge7 9. h3 0-0 10. Be2 Ng6 11. 0-0 h6 12. Re1 a6 13. Bf1 Qf6 14. g3 Nge5 15. Bg2 Nxf3+ 16. Nxf3 d4 17. Nd2 Bb4 18. a3 Ba5 19. Ne4 Qg6 20. Bd2 Bb6 21. Bf4 Bf5 22. Qd3 Rad8 23. g4 Bc8 24. Rad1 h5 25. gxh5 Qxh5 26. Qg3 Qg6 27. Qxg6 fxg6 28. Bg3 Bf5 29. Re2 Rfe8 30. Rde1 Ne5 31. Ng5 Bxc2 32. Rxc2 1-0

[Event "BCF-chT2 0405 (4NCL)"]
[Site "West Bromwich"]
[Date "2005.05.02"]
[Round "11.6"]
[White "Taylor, Peter P"]
[Black "Houska, Jovanka"]
[Result "1/2-1/2"]
[WhiteElo "2237"]
[BlackElo "2334"]
[PlyCount "125"]
[EventDate "2004.09.18"]
[EventType "team-tourn"]
[EventRounds "11"]
[EventCountry "ENG"]
[SourceTitle "EXT 2006"]
[Source "ChessBase"]
[SourceDate "2005.11.24"]
[SourceVersion "1"]
[SourceVersionDate "2005.11.24"]
[SourceQuality "1"]
[WhiteTeam "Barbican II"]
[BlackTeam "Hilsmark Kingfisher"]
[WhiteTeamCountry "ENG"]
[BlackTeamCountry "ENG"]

1. c4 c6 2. e4 d5 3. exd5 cxd5 4. cxd5 Nf6 5. Bb5+ Nbd7 6. Nc3 a6 7. Qa4 Rb8 8. Bxd7+ Qxd7 9. Qxd7+ Bxd7 10. Nge2 b5 11. a3 Bc8 12. d4 Bb7 13. Nf4 Rd8 14. Be3 g5 15. Nd3 h6 16. Nc5 Bc8 17. b4 Bg7 18. a4 0-0 19. axb5 axb5 20. h4 Nxd5 21. Nxd5 Rxd5 22. hxg5 hxg5 23. Ra5 f5 24. f3 f4 25. Bf2 e5 26. Rxb5 exd4 27. Rb6 Bf5 28. Kd2 Ra8 29. Ra6 Rb8 30. Ra4 Rxc5 31. bxc5 Rb2+ 32. Ke1 Rb1+ 33. Kd2 Rxh1 34. Bxd4 Bxd4 35. Rxd4 Rh2 36. c6 Rxg2+ 37. Kd1 Kf7 38. c7 Ke7 39. Rd5 Bc8 40. Rd8 Bb7 41. c8Q Bxc8 42. Rxc8 Rf2 43. Rc3 Kd6 44. Ke1 Rb2 45. Rd3+ Ke5 46. Rd8 Ra2 47. Kf1 Ra5 48. Ke2 Rd5 49. Ra8 Rd6 50. Ra5+ Kf6 51. Rb5 Ra6 52. Kf2 Kg6 53. Rb8 Ra3 54. Rf8 Rb3 55. Ra8 Rb7 56. Re8 Rb6 57. Ra8 Kh5 58. Rh8+ Rh6 59. Rg8 Kh4 60. Kg2 Kh5 61. Kf2 Rb6 62. Rh8+ Rh6 63. Rg8 1/2-1/2